[Event "Titled Tuesday intern op 02nd Apr Early"]
[Site "Chess.com INT"]
[Date "2024.04.02"]
[Round "3"]
[White "Curi, Gabriel"]
[Black "Novoselov, Roman"]
[Result "0-1"]
[WhiteElo "2106"]
[BlackElo "2279"]
[PlyCount "98"]
[EventDate "2024.04.02"]
[EventType "swiss (blitz)"]
[EventRounds "11"]
[EventCountry "USA"]
[SourceTitle "CB15_2024"]
[SourceDate "2024.04.10"]
[SourceVersion "1"]
[SourceVersionDate "2024.04.10"]
[SourceQuality "1"]

1. e4 e6 2. d4 d5 3. exd5 exd5 4. Nf3 Nf6 5. Bd3 Be7 6. h3 0-0 7. 0-0 c5 8. dxc5 Bxc5 9. Nbd2 Be6 10. Nb3 Nbd7 11. c3 Ne4 12. Nfd4 Bd6 13. Be3 Ndf6 14. Qc1 Rc8 15. Bf4 a6 16. Nf3 b5 17. a3 Qb6 18. Bxd6 Qxd6 19. Re1 h6 20. Bxe4 dxe4 21. Nfd4 Bc4 22. Nf5 Qe5 23. Nbd4 Rfe8 24. Qe3 Be6 25. Ng3 Bd5 26. Ngf5 Bb7 27. Rad1 Rcd8 28. Qg3 Qxg3 29. fxg3 Rd5 30. Ne3 Rg5 31. g4 Rge5 32. Rf1 Nd5 33. Nxd5 Rxd5 34. Rde1 g6 35. Re3 Kg7 36. Kf2 Rc8 37. Ke2 Re5 38. Kd2 a5 39. Rc1 Rd8 40. Re2 b4 41. cxb4 axb4 42. a4 Rxd4+ 43. Ke3 Rd3+ 44. Kf2 e3+ 45. Kg1 Rd2 46. Rce1 Rxe2 47. Rxe2 Ba6 48. Re1 e2 49. Kf2 Rd5 0-1

[Event "Titled Tuesday intern op 02nd Apr Early"]
[Site "Chess.com INT"]
[Date "2024.04.02"]
[Round "5"]
[White "Parfenov, Viktor N"]
[Black "Novoselov, Roman"]
[Result "1-0"]
[WhiteElo "2193"]
[BlackElo "2279"]
[PlyCount "51"]
[EventDate "2024.04.02"]
[EventType "swiss (blitz)"]
[EventRounds "11"]
[EventCountry "USA"]
[SourceTitle "CB15_2024"]
[SourceDate "2024.04.10"]
[SourceVersion "1"]
[SourceVersionDate "2024.04.10"]
[SourceQuality "1"]

1. e4 e6 2. d4 d5 3. Nc3 Nf6 4. e5 Nfd7 5. f4 c5 6. Nf3 Nc6 7. Be3 a6 8. Qd2 b5 9. Be2 b4 10. Nd1 a5 11. 0-0 g6 12. c4 dxc4 13. Bxc4 Ba6 14. Bxa6 Rxa6 15. d5 exd5 16. Qxd5 Qc7 17. Nf2 Be7 18. e6 fxe6 19. Qxe6 Ncb8 20. Qc4 Nb6 21. Qe4 0-0 22. Rac1 Na4 23. Ng4 Qc6 24. Qxe7 Qe6 25. Nh6+ Kh8 26. Qxf8+ 1-0

[Event "Titled Tuesday intern op 13th Feb Early"]
[Site "Chess.com INT"]
[Date "2024.02.13"]
[Round "4"]
[White "Novoselov, Roman"]
[Black "Chernyavsky, Alexander"]
[Result "1-0"]
[WhiteElo "2279"]
[BlackElo "2354"]
[PlyCount "87"]
[EventDate "2024.02.13"]
[EventType "swiss (blitz)"]
[EventRounds "11"]
[EventCountry "USA"]
[SourceTitle "CB08_2024"]
[SourceDate "2024.02.21"]
[SourceVersion "1"]
[SourceVersionDate "2024.02.21"]
[SourceQuality "1"]

1. d4 Nf6 2. Nc3 d5 3. Bf4 c5 4. e3 cxd4 5. exd4 a6 6. Nf3 Nc6 7. Bd3 Bg4 8. Be2 e6 9. 0-0 Bxf3 10. Bxf3 Qb6 11. Ne2 Rc8 12. c3 Na5 13. b3 Bd6 14. Bg5 Nd7 15. Qd2 0-0 16. Ng3 Qc7 17. Rac1 b5 18. Kh1 Ba3 19. Rc2 b4 20. Bh6 gxh6 21. Qxh6 f6 22. Nh5 Rf7 23. Re1 Qd8 24. Rxe6 Rxc3 25. Rce2 Rc1+ 26. Qxc1 Bxc1 27. Re8+ Rf8 28. Bxd5+ Kh8 29. Rxd8 Rxd8 30. g4 f5 31. Be6 Nf8 32. Bxf5 Nc6 33. Rc2 Nxd4 34. Rxc1 Nxf5 35. gxf5 Rd2 36. Kg2 Rxa2 37. f6 Kg8 38. Rc7 Ne6 39. Re7 Re2 40. Kg3 Re5 41. Ng7 Rg5+ 42. Kh4 Rxg7 43. fxg7 Nxg7 44. Ra7 1-0

[Event "Titled Tuesday intern op 19th Dec Early"]
[Site "Chess.com INT"]
[Date "2023.12.19"]
[Round "1"]
[White "Novoselov, Roman"]
[Black "Liu, Kelsey"]
[Result "1-0"]
[WhiteElo "2279"]
[BlackElo "2004"]
[PlyCount "25"]
[EventDate "2023.12.19"]
[EventType "swiss (blitz)"]
[EventRounds "11"]
[EventCountry "USA"]
[SourceTitle "CB52_2023"]
[SourceDate "2023.12.27"]
[SourceVersion "1"]
[SourceVersionDate "2023.12.27"]
[SourceQuality "1"]

1. e4 e5 2. Nf3 Nc6 3. Bc4 Bc5 4. 0-0 Nf6 5. d4 Bxd4 6. Nxd4 Nxd4 7. f4 d6 8. fxe5 Bg4 9. Qxd4 dxe5 10. Qxe5+ Kf8 11. Bg5 Nd7 12. Rxf7+ Kg8 13. Qxg7# 1-0

[Event "Titled Tuesday intern op 19th Dec Early"]
[Site "Chess.com INT"]
[Date "2023.12.19"]
[Round "2"]
[White "Rasulov, Vugar Ural Oglu"]
[Black "Novoselov, Roman"]
[Result "1-0"]
[WhiteElo "2538"]
[BlackElo "2279"]
[PlyCount "47"]
[EventDate "2023.12.19"]
[EventType "swiss (blitz)"]
[EventRounds "11"]
[EventCountry "USA"]
[SourceTitle "CB52_2023"]
[SourceDate "2023.12.27"]
[SourceVersion "1"]
[SourceVersionDate "2023.12.27"]
[SourceQuality "1"]

1. d4 d5 2. c4 e6 3. Nc3 Nf6 4. Bg5 Be7 5. Nf3 Nbd7 6. e3 0-0 7. Rc1 dxc4 8. Bxc4 a6 9. e4 b5 10. Bd3 c5 11. e5 Nd5 12. Bxe7 Qxe7 13. Nxd5 exd5 14. 0-0 Bb7 15. Re1 Rac8 16. Bf5 cxd4 17. e6 fxe6 18. Bxe6+ Kh8 19. Bxd5 Qxe1+ 20. Qxe1 Bxd5 21. Nxd4 Nf6 22. b3 Rce8 23. Qb4 Re4 24. Qxf8+ 1-0

[Event "Titled Tuesday intern op 19th Sep Early"]
[Site "Chess.com INT"]
[Date "2023.09.19"]
[Round "2"]
[White "Novoselov, Roman"]
[Black "Boros, Denes"]
[Result "0-1"]
[WhiteElo "2279"]
[BlackElo "2399"]
[PlyCount "102"]
[EventDate "2023.09.19"]
[EventType "swiss (blitz)"]
[EventRounds "11"]
[EventCountry "USA"]
[SourceTitle "EXT 2024"]
[Source "ChessBase"]
[SourceDate "2023.10.10"]
[SourceVersion "1"]
[SourceVersionDate "2023.10.10"]
[SourceQuality "1"]

1. e4 g6 2. Nc3 Bg7 3. g3 d6 4. Bg2 c5 5. d3 Bd7 6. Be3 Nc6 7. Qd2 Qc8 8. h4 Nf6 9. Bh6 Bxh6 10. Qxh6 Nd4 11. Qd2 b5 12. Nf3 Nxf3+ 13. Bxf3 Rb8 14. h5 Bg4 15. Bxg4 Qxg4 16. hxg6 fxg6 17. Rh4 Qf3 18. Ne2 Ng4 19. Qf4 Ne5 20. Qh6 Qg2 21. 0-0-0 Qxf2 22. Nc3 Kd7 23. Nd5 Rbf8 24. Rf4 Rxf4 25. gxf4 Nc6 26. Qg7 Rd8 27. c3 b4 28. Qxh7 Qg2 29. Rd2 Qg4 30. Qf7 Qe6 31. Qxe6+ Kxe6 32. Rg2 Kf7 33. Kc2 Rh8 34. Rf2 Rh3 35. f5 g5 36. Rg2 Ne5 37. d4 cxd4 38. cxd4 Nf3 39. Kd1 a5 40. Rf2 g4 41. Rg2 Nxd4 42. Nf4 Rh1+ 43. Kd2 Rb1 44. Ke3 Nc6 45. Rxg4 Rxb2 46. Ne6 Rxa2 47. Rg7+ Ke8 48. Kf4 b3 49. f6 Rf2+ 50. Kg5 Rxf6 51. Rg8+ Kf7 0-1

[Event "Titled Tuesday intern op 19th Sep Early"]
[Site "Chess.com INT"]
[Date "2023.09.19"]
[Round "9"]
[White "Rustemov, Alexander"]
[Black "Novoselov, Roman"]
[Result "1-0"]
[WhiteElo "2525"]
[BlackElo "2279"]
[PlyCount "107"]
[EventDate "2023.09.19"]
[EventType "swiss (blitz)"]
[EventRounds "11"]
[EventCountry "USA"]
[SourceTitle "EXT 2024"]
[Source "ChessBase"]
[SourceDate "2023.10.10"]
[SourceVersion "1"]
[SourceVersionDate "2023.10.10"]
[SourceQuality "1"]

1. d4 d5 2. c4 e6 3. Nc3 Nf6 4. Nf3 a6 5. cxd5 exd5 6. Bg5 Be7 7. e3 c6 8. Qc2 Bg4 9. Ne5 Bh5 10. Qb3 Qc7 11. Rc1 Nbd7 12. Bf4 Qb6 13. Qxb6 Nxb6 14. f3 Nfd7 15. Kf2 Nxe5 16. Bxe5 f6 17. Bf4 0-0 18. Bd3 Rfe8 19. b3 Ba3 20. Rc2 a5 21. Na4 Nxa4 22. bxa4 Rac8 23. Rb1 Re7 24. Rc3 Bb4 25. Rcb3 g5 26. Bg3 c5 27. Bd6 c4 28. Bxe7 cxb3 29. Bxb4 bxa2 30. Ra1 axb4 31. Rxa2 Rc3 32. Ke2 Ra3 33. Rb2 b3 34. Kd2 Rxa4 35. Kc3 Ra2 36. Kxb3 Rxb2+ 37. Kxb2 h6 38. Kc3 Be8 39. Kb4 Kf7 40. Kc5 Ke6 41. Kb6 Bc6 42. Kc7 f5 43. g3 Kf6 44. Kd6 h5 45. f4 g4 46. Bc2 Bb5 47. Kxd5 Bc6+ 48. Kd6 Bf3 49. d5 b5 50. Kc5 b4 51. Bb3 h4 52. gxh4 Kg6 53. d6 Kf6 54. h5 1-0

[Event "Titled Tuesday intern op 05th Sep Early"]
[Site "Chess.com INT"]
[Date "2023.09.05"]
[Round "5"]
[White "Avalos Parra, Joao"]
[Black "Novoselov, Roman"]
[Result "0-1"]
[WhiteElo "2185"]
[BlackElo "2279"]
[PlyCount "40"]
[EventDate "2023.09.05"]
[EventType "swiss (blitz)"]
[EventRounds "11"]
[EventCountry "USA"]
[SourceTitle "EXT 2024"]
[Source "ChessBase"]
[SourceDate "2023.10.10"]
[SourceVersion "1"]
[SourceVersionDate "2023.10.10"]
[SourceQuality "1"]

1. d4 d5 2. c4 e6 3. Nf3 Nf6 4. Nc3 Be7 5. Bf4 a6 6. c5 Nc6 7. e3 Ne4 8. Bd3 f5 9. 0-0 0-0 10. Ne5 Nxe5 11. Bxe5 Bf6 12. Bxf6 Qxf6 13. f4 b6 14. Bxe4 fxe4 15. cxb6 cxb6 16. Na4 Rb8 17. Rc1 Bd7 18. Rc7 Qd8 19. Ra7 Rf7 20. Rxa6 Bb5 0-1

[Event "Titled Tuesday intern op 05th Sep Early"]
[Site "Chess.com INT"]
[Date "2023.09.05"]
[Round "11"]
[White "Hambleton, Aman"]
[Black "Novoselov, Roman"]
[Result "0-1"]
[WhiteElo "2420"]
[BlackElo "2279"]
[PlyCount "74"]
[EventDate "2023.09.05"]
[EventType "swiss (blitz)"]
[EventRounds "11"]
[EventCountry "USA"]
[SourceTitle "EXT 2024"]
[Source "ChessBase"]
[SourceDate "2023.10.10"]
[SourceVersion "1"]
[SourceVersionDate "2023.10.10"]
[SourceQuality "1"]

1. d4 d5 2. Bf4 e6 3. e3 Bd6 4. Nf3 Ne7 5. Nbd2 c5 6. c3 Nbc6 7. dxc5 Bxc5 8. Bd3 f6 9. e4 e5 10. Bg3 Bg4 11. h3 Bh5 12. exd5 Nxd5 13. Qc2 Nce7 14. Ne4 Qc7 15. Bb5+ Kf8 16. 0-0 Bxf3 17. gxf3 Bb6 18. Rad1 Rd8 19. Ba4 Nf5 20. Kh2 Nxg3 21. fxg3 Ne3 22. Rxd8+ Qxd8 23. Qe2 Nxf1+ 24. Qxf1 g6 25. h4 Kg7 26. Bb3 Qd7 27. a4 Rd8 28. Qc4 Rc8 29. Qe2 Rd8 30. Qc4 Rc8 31. Qe2 h6 32. Kg2 f5 33. Nd2 Re8 34. Nc4 Bc7 35. Ne3 e4 36. f4 Qd3 37. Qe1 Rd8 0-1

[Event "Titled Tuesday intern op 05th Sep Early"]
[Site "Chess.com INT"]
[Date "2023.09.05"]
[Round "2"]
[White "Novoselov, Roman"]
[Black "Dwilewicz, Katarzyna"]
[Result "0-1"]
[WhiteElo "2279"]
[BlackElo "2098"]
[PlyCount "60"]
[EventDate "2023.09.05"]
[EventType "swiss (blitz)"]
[EventRounds "11"]
[EventCountry "USA"]
[SourceTitle "EXT 2024"]
[Source "ChessBase"]
[SourceDate "2023.10.10"]
[SourceVersion "1"]
[SourceVersionDate "2023.10.10"]
[SourceQuality "1"]

1. d4 d5 2. Nc3 e6 3. Bf4 c5 4. e3 a6 5. Nf3 Nc6 6. Be2 Nf6 7. 0-0 c4 8. Ne5 Be7 9. Qd2 Nxe5 10. Bxe5 b5 11. e4 b4 12. Bxf6 Bxf6 13. Na4 dxe4 14. Qxb4 Qxd4 15. Rad1 Qa7 16. Bxc4 Be7 17. Qb3 0-0 18. Qg3 Bd7 19. Nc3 Bc6 20. Rfe1 Qb7 21. Bb3 a5 22. a4 Bb4 23. Re3 h6 24. Qe5 Rad8 25. Rde1 Qb8 26. Qh5 Qf4 27. Rg3 Rd2 28. Rf1 Bc5 29. Ne2 Qxf2+ 30. Rxf2 Rd1# 0-1

[Event "Titled Tuesday intern op 05th Sep Early"]
[Site "Chess.com INT"]
[Date "2023.09.05"]
[Round "10"]
[White "Novoselov, Roman"]
[Black "Krzywda, Andrzej"]
[Result "1-0"]
[WhiteElo "2279"]
[BlackElo "2210"]
[PlyCount "45"]
[EventDate "2023.09.05"]
[EventType "swiss (blitz)"]
[EventRounds "11"]
[EventCountry "USA"]
[SourceTitle "EXT 2024"]
[Source "ChessBase"]
[SourceDate "2023.10.10"]
[SourceVersion "1"]
[SourceVersionDate "2023.10.10"]
[SourceQuality "1"]

1. e4 e5 2. Nc3 Nf6 3. Nf3 Bb4 4. Bc4 Bxc3 5. dxc3 d6 6. h3 0-0 7. Qe2 a5 8. Bg5 h6 9. Bh4 a4 10. a3 Be6 11. 0-0-0 Nbd7 12. g4 Qb8 13. g5 hxg5 14. Nxg5 Bxc4 15. Qxc4 Nc5 16. Rhg1 b5 17. Qe2 Ne6 18. Nxe6 fxe6 19. Rg6 Ne8 20. Rdg1 Rf7 21. Qh5 Rf4 22. Rh6 Qb6 23. Rh8# 1-0

[Event "Titled Tuesday intern op 05th Sep Early"]
[Site "Chess.com INT"]
[Date "2023.09.05"]
[Round "6"]
[White "Novoselov, Roman"]
[Black "Silva Lucena, Cristian"]
[Result "1/2-1/2"]
[WhiteElo "2279"]
[BlackElo "2335"]
[PlyCount "69"]
[EventDate "2023.09.05"]
[EventType "swiss (blitz)"]
[EventRounds "11"]
[EventCountry "USA"]
[SourceTitle "EXT 2024"]
[Source "ChessBase"]
[SourceDate "2023.10.10"]
[SourceVersion "1"]
[SourceVersionDate "2023.10.10"]
[SourceQuality "1"]

1. e4 e5 2. Nf3 Nc6 3. Bc4 Bc5 4. d3 Nf6 5. Nc3 0-0 6. Bg5 h6 7. Bh4 Be7 8. Qd2 Nh5 9. Bxe7 Qxe7 10. Nd5 Qd8 11. 0-0-0 d6 12. h3 Nf6 13. Ne3 Rb8 14. g4 b5 15. Bd5 Nxd5 16. Nxd5 Be6 17. Ne3 Nd4 18. Nxd4 exd4 19. Nf5 c5 20. Rhg1 Bxf5 21. gxf5 Kh7 22. Rg4 Qf6 23. Rdg1 Rg8 24. Qa5 Rb7 25. f4 d5 26. e5 Qxf5 27. Qa6 Qd7 28. Qxh6+ gxh6 29. Rxg8 h5 30. R1g7+ Kh6 31. Rg5 Kh7 32. R8g7+ Kh6 33. Rg8 Kh7 34. R8g7+ Kh6 35. Rg8 1/2-1/2

[Event "Titled Tuesday intern op 22nd Aug Early"]
[Site "Chess.com INT"]
[Date "2023.08.22"]
[Round "5"]
[White "Novoselov, Roman"]
[Black "Pichot, Alan"]
[Result "1-0"]
[WhiteElo "2279"]
[BlackElo "2642"]
[PlyCount "97"]
[EventDate "2023.08.22"]
[EventType "swiss (blitz)"]
[EventRounds "11"]
[EventCountry "USA"]
[SourceTitle "EXT 2024"]
[Source "ChessBase"]
[SourceDate "2023.10.10"]
[SourceVersion "1"]
[SourceVersionDate "2023.10.10"]
[SourceQuality "1"]

1. e4 c5 2. Nc3 d6 3. g3 Nc6 4. Bg2 g6 5. d3 Bg7 6. f4 Rb8 7. a4 h5 8. Nf3 Bg4 9. h3 Bxf3 10. Qxf3 Nd4 11. Qf2 Nf6 12. Be3 Nd7 13. 0-0 a6 14. f5 Ne5 15. Nd5 e6 16. Bxd4 cxd4 17. Nf4 0-0 18. Kh1 Qg5 19. h4 Qe7 20. Qxd4 Ng4 21. Qb6 Kh7 22. c3 Be5 23. Bh3 gxf5 24. exf5 Rg8 25. Nxh5 d5 26. Rae1 Bxg3 27. Nxg3 Qxh4 28. Kg2 Nh2 29. Qe3 Nxf1 30. Rxf1 Rxg3+ 31. Qxg3 Rg8 32. Qxg8+ Kxg8 33. fxe6 fxe6 34. Bxe6+ Kg7 35. Rf3 Qxa4 36. Bxd5 b5 37. d4 Qd1 38. Rf2 a5 39. Bf3 Qd3 40. d5 b4 41. cxb4 axb4 42. Re2 Qd4 43. Rf2 Kg6 44. Re2 Kg5 45. Rf2 Kh4 46. Re2 Qg7+ 47. Kf2 Qd4+ 48. Kg2 b3 49. Re4+ 1-0

[Event "Titled Tuesday intern op 22nd Aug Early"]
[Site "Chess.com INT"]
[Date "2023.08.22"]
[Round "8"]
[White "Novoselov, Roman"]
[Black "Zenin, Dmitri"]
[Result "1-0"]
[WhiteElo "2279"]
[BlackElo "2163"]
[PlyCount "81"]
[EventDate "2023.08.22"]
[EventType "swiss (blitz)"]
[EventRounds "11"]
[EventCountry "USA"]
[SourceTitle "EXT 2024"]
[Source "ChessBase"]
[SourceDate "2023.10.10"]
[SourceVersion "1"]
[SourceVersionDate "2023.10.10"]
[SourceQuality "1"]

1. e4 e5 2. Nf3 Nc6 3. Bc4 Bc5 4. d3 Nf6 5. Nc3 a6 6. Bg5 h6 7. Bh4 d6 8. Qd2 Bb4 9. a3 Bxc3 10. Qxc3 Bg4 11. Qb3 0-0 12. Qxb7 Na5 13. Qb4 Nxc4 14. Qxc4 Bxf3 15. gxf3 g5 16. Rg1 Kh7 17. Bg3 Nh5 18. 0-0-0 Qe7 19. d4 f6 20. Rd3 Ng7 21. h4 Ne6 22. hxg5 hxg5 23. c3 a5 24. Rdd1 Kg6 25. Rde1 Rab8 26. d5 Nc5 27. f4 Kf7 28. fxg5 fxg5 29. Qe2 Rh8 30. f3 a4 31. Rh1 Qf6 32. Bf2 Nb3+ 33. Kc2 Rxh1 34. Rxh1 Rh8 35. Rxh8 Qxh8 36. Be3 Kg6 37. Qg2 Qh5 38. Kd3 Qh4 39. Kc4 Nc5 40. Bxc5 dxc5 41. Kxc5 1-0

[Event "Titled Tuesday intern op 22nd Aug Early"]
[Site "Chess.com INT"]
[Date "2023.08.22"]
[Round "6"]
[White "Yanchenko, Roman"]
[Black "Novoselov, Roman"]
[Result "1-0"]
[WhiteElo "2466"]
[BlackElo "2279"]
[PlyCount "161"]
[EventDate "2023.08.22"]
[EventType "swiss (blitz)"]
[EventRounds "11"]
[EventCountry "USA"]
[SourceTitle "EXT 2024"]
[Source "ChessBase"]
[SourceDate "2023.10.10"]
[SourceVersion "1"]
[SourceVersionDate "2023.10.10"]
[SourceQuality "1"]

1. d4 d5 2. Nf3 Nf6 3. Bf4 e6 4. e3 Bd6 5. Bg3 c5 6. c4 cxd4 7. exd4 Nc6 8. Nc3 dxc4 9. Bxc4 0-0 10. 0-0 Bxg3 11. hxg3 a6 12. a3 b5 13. Ba2 Bb7 14. Re1 Ne7 15. Qd3 Qb6 16. Rad1 Rad8 17. Ng5 Ned5 18. Bb1 g6 19. Qd2 Nxc3 20. bxc3 Kg7 21. Bd3 Rc8 22. Rc1 Bd5 23. Nf3 Rc7 24. Qb2 Qa5 25. Qb4 Qxb4 26. cxb4 Rfc8 27. Rc5 Nd7 28. Rxc7 Rxc7 29. Re3 Nb6 30. Ne1 Rc1 31. Kf1 Bc4 32. Ke2 Nd5 33. Rf3 Ra1 34. Bxc4 bxc4 35. Nc2 Rb1 36. Kd2 g5 37. Ne3 g4 38. Nxg4 c3+ 39. Kd3 Ra1 40. Ne3 Nxe3 41. Rxe3 Rxa3 42. Rf3 Rb3 43. Kc2 Rxb4 44. Kxc3 Rb5 45. Kc4 f5 46. Ra3 Rb6 47. Kc5 Rb5+ 48. Kd6 Kf6 49. Kc6 Rd5 50. Ra4 h5 51. Kb6 Rd6+ 52. Kc5 Rd5+ 53. Kc4 a5 54. Kc3 Kg5 55. f3 h4 56. gxh4+ Kxh4 57. Kc4 Kg3 58. Ra2 a4 59. Kc3 Rb5 60. Rxa4 Kxg2 61. Ra6 e5 62. Kc4 Rb8 63. dxe5 Kxf3 64. Kd5 f4 65. e6 Kg3 66. Ke4 Rb4+ 67. Ke5 f3 68. e7 Rb8 69. Rg6+ Kf2 70. Rf6 Ke2 71. Rf8 Rb3 72. e8Q Re3+ 73. Kf4 Rxe8 74. Rxe8+ Kf2 75. Re3 Kg2 76. Rxf3 Kg1 77. Ke3 Kg2 78. Ke2 Kg1 79. Rg3+ Kh2 80. Kf2 Kh1 81. Rh3# 1-0

[Event "Titled Tuesday intern op 15th Aug Early"]
[Site "Chess.com INT"]
[Date "2023.08.15"]
[Round "2"]
[White "Novoselov, Roman"]
[Black "Bluebaum, Matthias"]
[Result "0-1"]
[WhiteElo "2279"]
[BlackElo "2670"]
[PlyCount "150"]
[EventDate "2023.08.15"]
[EventType "swiss (blitz)"]
[EventRounds "11"]
[EventCountry "USA"]
[SourceTitle "EXT 2024"]
[Source "ChessBase"]
[SourceDate "2023.10.10"]
[SourceVersion "1"]
[SourceVersionDate "2023.10.10"]
[SourceQuality "1"]

1. e4 e6 2. d4 d5 3. Nc3 Nf6 4. exd5 exd5 5. Bd3 c5 6. dxc5 Bxc5 7. Nf3 0-0 8. 0-0 h6 9. h3 Nc6 10. b3 Re8 11. Bb2 a6 12. a3 Qd6 13. Ne2 Ne4 14. Bxe4 dxe4 15. Qxd6 Bxd6 16. Nfd4 Be5 17. Rad1 Ne7 18. Nc3 f5 19. Na4 Bc7 20. Rfe1 Ng6 21. Bc1 b6 22. f3 Bd7 23. Nc3 Bg3 24. Re2 exf3 25. Nxf3 Bc6 26. Nd4 Be5 27. Rd3 Bb7 28. Nxf5 Bxc3 29. Rxe8+ Rxe8 30. Rxc3 Re1+ 31. Kf2 Rxc1 32. Rc7 Be4 33. Rxg7+ Kh8 34. Rxg6 Rxc2+ 35. Ke3 Bxf5 36. Rxh6+ Kg7 37. Rxb6 Bc8 38. g4 Rc3+ 39. Kd4 Rxh3 40. a4 Rh4 41. b4 Rxg4+ 42. Kc5 Kf7 43. Rc6 Rg8 44. b5 axb5 45. axb5 Ke7 46. Rc7+ Kd8 47. Rh7 Bd7 48. b6 Rg5+ 49. Kc4 Be6+ 50. Kb4 Kc8 51. Re7 Bd5 52. Rc7+ Kb8 53. Re7 Bc6 54. Rc7 Rb5+ 55. Kc4 Rxb6 56. Rg7 Bb7 57. Kc5 Rh6 58. Rg8+ Ka7 59. Rg7 Rh5+ 60. Kd4 Kb6 61. Rf7 Bc6 62. Rg7 Rh4+ 63. Kc3 Kc5 64. Rc7 Rh3+ 65. Kd2 Kd5 66. Rg7 Kd4 67. Rg4+ Be4 68. Rg7 Rh2+ 69. Kc1 Kc3 70. Rc7+ Kd3 71. Rd7+ Ke3 72. Rd8 Rc2+ 73. Kd1 Rc5 74. Rd6 Bf3+ 75. Ke1 Rc1+ 0-1

[Event "Titled Tuesday intern op 01st Aug Early"]
[Site "Chess.com INT"]
[Date "2023.08.01"]
[Round "7"]
[White "Novoselov, Roman"]
[Black "Basso, Pier Luigi"]
[Result "0-1"]
[WhiteElo "2279"]
[BlackElo "2496"]
[PlyCount "102"]
[EventDate "2023.08.01"]
[EventType "swiss (blitz)"]
[EventRounds "11"]
[EventCountry "USA"]
[SourceTitle "EXT 2024"]
[Source "ChessBase"]
[SourceDate "2023.10.10"]
[SourceVersion "1"]
[SourceVersionDate "2023.10.10"]
[SourceQuality "1"]

1. e4 c6 2. d4 d5 3. Nc3 dxe4 4. Nxe4 Nf6 5. Nxf6+ exf6 6. Nf3 Bd6 7. Bd3 0-0 8. 0-0 Bg4 9. c3 Re8 10. Bc2 Bh5 11. Be3 Nd7 12. Qd3 Nf8 13. Nh4 Qc7 14. h3 Bh2+ 15. Kh1 Bf4 16. Rae1 Bg6 17. Nxg6 hxg6 18. b3 Ne6 19. Re2 Bxe3 20. fxe3 f5 21. e4 Nf4 22. Qg3 g5 23. Re3 Qe7 24. Ree1 fxe4 25. Rxe4 Qf6 26. Rfe1 Rxe4 27. Rxe4 Rd8 28. Qe1 g6 29. Re5 Kg7 30. Re7 g4 31. hxg4 Nd5 32. Rxb7 Qf4 33. Qe5+ Qxe5 34. dxe5 Ne3 35. Be4 Nxg4 36. Bf3 Nxe5 37. Rxa7 Rd2 38. a4 g5 39. a5 g4 40. Kg1 gxf3 41. gxf3 Nxf3+ 42. Kf1 Ra2 43. b4 Kg6 44. Rc7 Ne5 45. Ke1 Kf5 46. c4 Ke4 47. Re7 f6 48. b5 Ke3 49. Kd1 Kd3 50. Kc1 Nxc4 51. b6 Ra1# 0-1

[Event "Titled Tuesday intern op 01st Aug Early"]
[Site "Chess.com INT"]
[Date "2023.08.01"]
[Round "8"]
[White "Novoselov, Roman"]
[Black "Timofeev, Artyom"]
[Result "0-1"]
[WhiteElo "2279"]
[BlackElo "2576"]
[PlyCount "102"]
[EventDate "2023.08.01"]
[EventType "swiss (blitz)"]
[EventRounds "11"]
[EventCountry "USA"]
[SourceTitle "EXT 2024"]
[Source "ChessBase"]
[SourceDate "2023.10.10"]
[SourceVersion "1"]
[SourceVersionDate "2023.10.10"]
[SourceQuality "1"]

1. e4 d6 2. Nc3 Nf6 3. Nf3 g6 4. g3 Bg7 5. Bg2 0-0 6. d3 c5 7. h3 Nc6 8. Be3 e5 9. Qd2 Nd4 10. Ne2 Nxf3+ 11. Bxf3 b6 12. Bh6 Be6 13. h4 Bxh6 14. Qxh6 Kh8 15. h5 Ng8 16. Qe3 g5 17. h6 Rc8 18. 0-0-0 f6 19. Kb1 Ne7 20. c3 d5 21. d4 Qc7 22. exd5 Nxd5 23. Bxd5 Bxd5 24. Rhe1 exd4 25. cxd4 Rfe8 26. Qc3 Qf7 27. Nc1 c4 28. Ka1 a5 29. f4 g4 30. Qa3 Qd7 31. Qc3 Kg8 32. Rxe8+ Rxe8 33. Re1 Kf7 34. Re3 Kg6 35. Ne2 Kxh6 36. a3 Kg7 37. Qd2 h5 38. f5 Bf7 39. Nf4 Rxe3 40. Qxe3 Qxf5 41. d5 Bxd5 42. Qxb6 Bf7 43. Qe3 Qe5 44. Qd2 a4 45. Qd1 c3 46. bxc3 Qxc3+ 47. Kb1 Qxa3 48. Qd7 Qb3+ 49. Kc1 Qc3+ 50. Kb1 Qe5 51. Qxa4 h4 0-1

[Event "Titled Tuesday intern op 01st Aug Early"]
[Site "Chess.com INT"]
[Date "2023.08.01"]
[Round "3"]
[White "Pichot, Alan"]
[Black "Novoselov, Roman"]
[Result "1/2-1/2"]
[WhiteElo "2642"]
[BlackElo "2279"]
[PlyCount "108"]
[EventDate "2023.08.01"]
[EventType "swiss (blitz)"]
[EventRounds "11"]
[EventCountry "USA"]
[SourceTitle "EXT 2024"]
[Source "ChessBase"]
[SourceDate "2023.10.10"]
[SourceVersion "1"]
[SourceVersionDate "2023.10.10"]
[SourceQuality "1"]

1. e4 d5 2. e5 c5 3. Nf3 Nc6 4. Bb5 Bf5 5. d4 e6 6. 0-0 Qb6 7. Nc3 a6 8. dxc5 Bxc5 9. Bxc6+ Qxc6 10. Nd4 Bxd4 11. Qxd4 Ne7 12. Be3 0-0 13. g4 Bg6 14. f4 Rac8 15. Rf2 Qd7 16. Rd1 Rfd8 17. Qb6 Rc6 18. Qb4 Rdc8 19. h3 Rc4 20. Qb6 R8c6 21. Qa7 Qc8 22. f5 exf5 23. Nxd5 Nxd5 24. Rxd5 h5 25. Rfd2 Qe6 26. Rd8+ Kh7 27. Qb8 Rc8 28. Rxc8 Rxc8 29. Qxb7 fxg4 30. hxg4 Qxg4+ 31. Qg2 Qf5 32. Bd4 Rxc2 33. Rxc2 Qxc2 34. Qxc2 Bxc2 35. Kg2 Kg6 36. Kg3 Kf5 37. e6 fxe6 38. Bxg7 Ke4 39. Kh4 Bd1 40. Kg5 Kd5 41. Bf6 Bf3 42. b4 e5 43. Kf5 Bg4+ 44. Kg5 e4 45. Kf4 Kc4 46. Kxe4 Kxb4 47. Be7+ Kc3 48. a3 Kb3 49. Kd4 a5 50. Ke3 a4 51. Kd4 Kb2 52. Ke3 Kb3 53. Kd4 Bf3 54. Ke3 Bg4 1/2-1/2

[Event "Zudov Memorial"]
[Site "Nizhnij Tagil"]
[Date "2023.07.30"]
[Round "10"]
[White "Novoselov, Roman"]
[Black "Lapin, Artem"]
[Result "1-0"]
[WhiteElo "2279"]
[BlackElo "1775"]
[PlyCount "109"]
[EventDate "2023.07.29"]
[EventType "swiss (rapid)"]
[EventRounds "11"]
[EventCountry "RUS"]
[SourceTitle "CBM 215 Extra"]
[Source "ChessBase"]
[SourceDate "2023.09.30"]
[SourceVersion "1"]
[SourceVersionDate "2023.09.30"]
[SourceQuality "1"]

1. e4 c5 2. Nc3 e6 3. Nf3 Nc6 4. g3 d6 5. Bg2 Nf6 6. 0-0 Be7 7. d4 cxd4 8. Nxd4 a6 9. Nxc6 bxc6 10. e5 Nd5 11. exd6 Qxd6 12. Ne4 Qc7 13. c4 Nf6 14. Qd4 e5 15. Nxf6+ Bxf6 16. Qc5 Bb7 17. Re1 Rd8 18. Bf4 Be7 19. Bxe5 Bxc5 20. Bxc7+ Kd7 21. Bxd8 Kxd8 22. Rad1+ Kc7 23. Bh3 Bc8 24. Bxc8 Rxc8 25. Re2 Rb8 26. Red2 Kb6 27. Rd8 Rb7 28. R1d7 Rxd7 29. Rxd7 Ka5 30. Rb7 Bd4 31. Kf1 c5 32. Ke2 f5 33. f3 h5 34. Kd3 g5 35. a3 Bg1 36. b4+ Ka4 37. h3 Kxa3 38. b5 axb5 39. Rxb5 Bf2 40. f4 g4 41. hxg4 fxg4 42. Kc3 Bd4+ 43. Kc2 Bf2 44. f5 h4 45. gxh4 g3 46. f6 g2 47. Rb1 Bxh4 48. f7 Be7 49. Rg1 Kb4 50. Kd3 Ka5 51. Rxg2 Kb6 52. Re2 Bf8 53. Re8 Bg7 54. Rg8 Bh6 55. Rg6+ 1-0